[Event "Titled Tuesday intern op 27th Feb Late"]
[Site "Chess.com INT"]
[Date "2024.02.27"]
[Round "2"]
[White "Michalski, Olaf"]
[Black "Korol, Dimitry"]
[Result "0-1"]
[WhiteElo "2251"]
[BlackElo "2287"]
[PlyCount "46"]
[EventDate "2024.02.27"]
[EventType "swiss (blitz)"]
[EventRounds "11"]
[EventCountry "USA"]
[SourceTitle "CB10_2024"]
[SourceDate "2024.03.06"]
[SourceVersion "1"]
[SourceVersionDate "2024.03.06"]
[SourceQuality "1"]

1. d4 Nf6 2. c4 c5 3. d5 b5 4. cxb5 a6 5. b6 d6 6. Nc3 Nbd7 7. Nf3 g6 8. a4 a5 9. e4 Bg7 10. Bb5 0-0 11. Qe2 Nxb6 12. Nd2 e6 13. dxe6 Bxe6 14. 0-0 d5 15. exd5 Nfxd5 16. Nxd5 Bxd5 17. Ra3 Qf6 18. Re1 Rfd8 19. Nf3 h6 20. h3 Kh7 21. Ne5 Ra7 22. Nc6 Bxc6 23. Bxc6 Qxc6 0-1

[Event "Titled Tuesday intern op 06th Feb Late"]
[Site "Chess.com INT"]
[Date "2024.02.06"]
[Round "6"]
[White "Michalski, Olaf"]
[Black "Gonzalez Zharikov, Andrey"]
[Result "0-1"]
[WhiteElo "2251"]
[BlackElo "1985"]
[PlyCount "68"]
[EventDate "2024.02.06"]
[EventType "swiss (blitz)"]
[EventRounds "11"]
[EventCountry "USA"]
[SourceTitle "CB07_2024"]
[SourceDate "2024.02.14"]
[SourceVersion "1"]
[SourceVersionDate "2024.02.14"]
[SourceQuality "1"]

1. d4 Nf6 2. c4 e6 3. Nf3 Bb4+ 4. Nbd2 0-0 5. g3 d5 6. Qc2 c5 7. dxc5 Nc6 8. a3 Bxc5 9. b4 Be7 10. Bg2 a5 11. b5 Na7 12. a4 b6 13. 0-0 Bb7 14. Bb2 Rc8 15. Qd3 dxc4 16. Nxc4 Bc5 17. Nfe5 Qe7 18. Bxb7 Qxb7 19. Nd6 Bxd6 20. Qxd6 Rfd8 21. Qa3 Qe4 22. e3 Nd5 23. Rac1 Qb4 24. Qxb4 axb4 25. Bd4 Ra8 26. e4 Nf6 27. Bxb6 Rd2 28. Bc7 Ra2 29. b6 Rxa4 30. b7 Re8 31. b8Q Rxb8 32. Bxb8 g6 33. Rc8+ Kg7 34. Bd6 Nxc8 0-1

[Event "Titled Tuesday intern op 06th Feb Late"]
[Site "Chess.com INT"]
[Date "2024.02.06"]
[Round "1"]
[White "Michalski, Olaf"]
[Black "Sivakumar, Shaaketh"]
[Result "0-1"]
[WhiteElo "2251"]
[BlackElo "2393"]
[PlyCount "48"]
[EventDate "2024.02.06"]
[EventType "swiss (blitz)"]
[EventRounds "11"]
[EventCountry "USA"]
[SourceTitle "CB07_2024"]
[SourceDate "2024.02.14"]
[SourceVersion "1"]
[SourceVersionDate "2024.02.14"]
[SourceQuality "1"]

1. d4 e6 2. c4 b6 3. Nf3 Bb7 4. g3 Bb4+ 5. Nbd2 f5 6. Bg2 Nf6 7. 0-0 0-0 8. a3 Bxd2 9. Bxd2 d6 10. b4 Ne4 11. Qc2 Nd7 12. Rfd1 Rc8 13. Be1 Qe7 14. Rab1 Ndf6 15. c5 bxc5 16. bxc5 Bd5 17. Bb4 Qd7 18. Rdc1 Ng4 19. c6 Qe7 20. Be1 Rb8 21. Qa4 Rxb1 22. Rxb1 Qe8 23. Qxa7 Qxc6 24. h3 Ngf6 0-1

[Event "Titled Tuesday intern op 06th Feb Late"]
[Site "Chess.com INT"]
[Date "2024.02.06"]
[Round "5"]
[White "Palacio, Igor Da Paz"]
[Black "Michalski, Olaf"]
[Result "1-0"]
[WhiteElo "2172"]
[BlackElo "2251"]
[PlyCount "99"]
[EventDate "2024.02.06"]
[EventType "swiss (blitz)"]
[EventRounds "11"]
[EventCountry "USA"]
[SourceTitle "CB07_2024"]
[SourceDate "2024.02.14"]
[SourceVersion "1"]
[SourceVersionDate "2024.02.14"]
[SourceQuality "1"]

1. e4 c5 2. Nc3 a6 3. g3 b5 4. Bg2 Bb7 5. d3 e6 6. f4 g6 7. Nf3 Bg7 8. Be3 Qc7 9. e5 Ne7 10. Ne4 Nf5 11. Bxc5 Bxe4 12. dxe4 Qxc5 13. exf5 gxf5 14. Qd2 Nc6 15. 0-0-0 d5 16. exd6 0-0-0 17. Rhe1 Rd7 18. Re3 Kb8 19. Kb1 Rhd8 20. Rd3 h6 21. c3 a5 22. a3 a4 23. Ka2 Na5 24. Kb1 Nb3 25. Qe2 Rxd6 26. Rxd6 Rxd6 27. Rxd6 Qxd6 28. Qxb5+ Kc8 29. Qxa4 Qd1+ 30. Ka2 Nc1+ 31. Kb1 Qxa4 32. Kxc1 Qc4 33. Nd2 Qd3 34. Bf1 Qe3 35. Bc4 Qe1+ 36. Kc2 Qf2 37. Bd3 Qxh2 38. b4 Qxg3 39. a4 Kb7 40. a5 Qxf4 41. b5 Bf6 42. a6+ Kb6 43. Nc4+ Ka7 44. b6+ Kxa6 45. Ne5+ Kxb6 46. Nd7+ Kc7 47. Nxf6 Qf2+ 48. Kb3 Qf4 49. Ne8+ Kd7 50. Nf6+ 1-0

[Event "Titled Tuesday intern op 23rd Jan Late"]
[Site "Chess.com INT"]
[Date "2024.01.23"]
[Round "10"]
[White "Chayka, Vitaliy"]
[Black "Michalski, Olaf"]
[Result "1-0"]
[WhiteElo "2102"]
[BlackElo "2251"]
[PlyCount "57"]
[EventDate "2024.01.23"]
[EventType "swiss (blitz)"]
[EventRounds "11"]
[EventCountry "USA"]
[SourceTitle "CB05_2024"]
[SourceDate "2024.01.31"]
[SourceVersion "1"]
[SourceVersionDate "2024.01.31"]
[SourceQuality "1"]

1. d4 d6 2. Bf4 Nc6 3. Nf3 Bg4 4. e3 e5 5. dxe5 dxe5 6. Qxd8+ Rxd8 7. Bg3 a6 8. a3 f6 9. Nc3 Bc5 10. Bc4 b5 11. Ba2 h5 12. h3 Bf5 13. e4 Bh7 14. Bd5 Nge7 15. 0-0-0 g5 16. Rhe1 h4 17. Bh2 Bxf2 18. Re2 Bc5 19. b4 Bb6 20. Bg1 Bxg1 21. Rxg1 Nd4 22. Rd2 Nxd5 23. Nxd5 Nxf3 24. gxf3 Kf7 25. Nxc7 Rxd2 26. Kxd2 a5 27. Nd5 axb4 28. axb4 Ra8 29. Rc1 1-0

[Event "Titled Tuesday intern op 18th Apr Late"]
[Site "Chess.com INT"]
[Date "2023.04.18"]
[Round "9"]
[White "Michalski, Olaf"]
[Black "Buchenau, Frank"]
[Result "0-1"]
[WhiteElo "2273"]
[BlackElo "2222"]
[PlyCount "36"]
[EventDate "2023.04.18"]
[EventType "swiss (blitz)"]
[EventRounds "11"]
[EventCountry "USA"]
[SourceTitle "EXT 2024"]
[Source "ChessBase"]
[SourceDate "2023.10.10"]
[SourceVersion "1"]
[SourceVersionDate "2023.10.10"]
[SourceQuality "1"]

1. d4 e6 2. Nf3 Nf6 3. c4 b6 4. a3 Ba6 5. Qc2 Bb7 6. Nc3 c5 7. e4 cxd4 8. Nxd4 Bc5 9. Nb3 Nc6 10. Bd3 Ne5 11. Nxc5 bxc5 12. Be3 Qc7 13. Nb5 Qc6 14. f3 d5 15. cxd5 exd5 16. 0-0 Nxd3 17. Qxd3 c4 18. exd5 Qxb5 0-1

[Event "Titled Tuesday intern op 04th Apr Late"]
[Site "Chess.com INT"]
[Date "2023.04.04"]
[Round "3"]
[White "Michalski, Olaf"]
[Black "Aung, Thant Zin"]
[Result "1-0"]
[WhiteElo "2273"]
[BlackElo "2268"]
[PlyCount "59"]
[EventDate "2023.04.04"]
[EventType "swiss (blitz)"]
[EventRounds "11"]
[EventCountry "USA"]
[SourceTitle "EXT 2024"]
[Source "ChessBase"]
[SourceDate "2023.10.10"]
[SourceVersion "1"]
[SourceVersionDate "2023.10.10"]
[SourceQuality "1"]

1. d4 Nf6 2. Nf3 e6 3. Bf4 d5 4. e3 c5 5. c3 Nc6 6. Nbd2 Bd6 7. Bg3 0-0 8. Bd3 Qe7 9. Ne5 Nd7 10. Nxc6 bxc6 11. Qh5 g6 12. Qh6 e5 13. dxe5 Nxe5 14. Be2 Bf5 15. 0-0 Rab8 16. b3 Qe6 17. Nf3 Ng4 18. Qh4 f6 19. Bxd6 Qxd6 20. Rad1 Qe6 21. Rfe1 Rbe8 22. c4 g5 23. Qg3 h5 24. cxd5 cxd5 25. Rxd5 Qxd5 26. Bc4 Qxc4 27. bxc4 h4 28. Qc7 Rf7 29. Qxc5 Rc8 30. Qxf5 1-0

[Event "Titled Tuesday intern op 04th Apr Late"]
[Site "Chess.com INT"]
[Date "2023.04.04"]
[Round "9"]
[White "Mirimanian, Hayk"]
[Black "Michalski, Olaf"]
[Result "1-0"]
[WhiteElo "2277"]
[BlackElo "2273"]
[PlyCount "39"]
[EventDate "2023.04.04"]
[EventType "swiss (blitz)"]
[EventRounds "11"]
[EventCountry "USA"]
[SourceTitle "EXT 2024"]
[Source "ChessBase"]
[SourceDate "2023.10.10"]
[SourceVersion "1"]
[SourceVersionDate "2023.10.10"]
[SourceQuality "1"]

1. e4 c5 2. Nf3 a6 3. g3 Nc6 4. Bg2 g6 5. 0-0 Bg7 6. c3 e5 7. Na3 Nge7 8. Nc2 0-0 9. d4 cxd4 10. cxd4 exd4 11. Nfxd4 d5 12. Bg5 Qb6 13. Nxc6 Nxc6 14. exd5 Ne5 15. b4 Bg4 16. Qb1 Nf3+ 17. Kh1 Bxa1 18. Qxa1 f6 19. Be3 Qd6 20. h3 1-0

[Event "Titled Tuesday intern op 04th Apr Late"]
[Site "Chess.com INT"]
[Date "2023.04.04"]
[Round "4"]
[White "Santos Flores, Alberto Javier"]
[Black "Michalski, Olaf"]
[Result "1-0"]
[WhiteElo "2164"]
[BlackElo "2273"]
[PlyCount "71"]
[EventDate "2023.04.04"]
[EventType "swiss (blitz)"]
[EventRounds "11"]
[EventCountry "USA"]
[SourceTitle "EXT 2024"]
[Source "ChessBase"]
[SourceDate "2023.10.10"]
[SourceVersion "1"]
[SourceVersionDate "2023.10.10"]
[SourceQuality "1"]

1. d4 d6 2. e4 Nc6 3. Be3 Nf6 4. Nc3 e5 5. d5 Nb8 6. Bd3 Be7 7. Nce2 c6 8. c4 Ng4 9. Bc1 Qb6 10. Nh3 h6 11. Ng3 Bh4 12. Qf3 Qb4+ 13. Kf1 Bxg3 14. hxg3 Nf6 15. Qe2 Nbd7 16. Be3 Nc5 17. a3 Qb3 18. Bxc5 dxc5 19. Qc2 Qxc2 20. Bxc2 0-0 21. Ng1 Bd7 22. Nf3 Rfe8 23. Ke2 cxd5 24. cxd5 Bb5+ 25. Bd3 c4 26. Bc2 c3+ 27. Bd3 Bxd3+ 28. Kxd3 c2 29. Nd2 Rac8 30. Rac1 Ng4 31. Rhf1 f5 32. f3 Nf6 33. Rxc2 Rxc2 34. Kxc2 fxe4 35. fxe4 Rc8+ 36. Kd3 1-0

[Event "Titled Tuesday intern op 04th Apr Late"]
[Site "Chess.com INT"]
[Date "2023.04.04"]
[Round "6"]
[White "Skaric, Djuro"]
[Black "Michalski, Olaf"]
[Result "1-0"]
[WhiteElo "2334"]
[BlackElo "2273"]
[PlyCount "57"]
[EventDate "2023.04.04"]
[EventType "swiss (blitz)"]
[EventRounds "11"]
[EventCountry "USA"]
[SourceTitle "EXT 2024"]
[Source "ChessBase"]
[SourceDate "2023.10.10"]
[SourceVersion "1"]
[SourceVersionDate "2023.10.10"]
[SourceQuality "1"]

1. g3 d6 2. Bg2 e5 3. d3 f5 4. Nc3 Nf6 5. Nf3 Be7 6. 0-0 0-0 7. e4 Qe8 8. exf5 Bxf5 9. Nh4 Bc8 10. f4 Bg4 11. Qe1 Nc6 12. h3 Bd7 13. fxe5 Nxe5 14. Nf5 Bc6 15. d4 Bxg2 16. Kxg2 Ng6 17. h4 Qc6+ 18. d5 Nxd5 19. Qe6+ Rf7 20. Qxd5 Qxd5+ 21. Nxd5 Bf8 22. Bf4 c6 23. Nde3 d5 24. h5 Nxf4+ 25. Rxf4 g6 26. hxg6 hxg6 27. Rg4 Bc5 28. Rxg6+ Kf8 29. Rh1 1-0

[Event "Titled Tuesday intern op 04th Apr Late"]
[Site "Chess.com INT"]
[Date "2023.04.04"]
[Round "8"]
[White "Vargas, Mauricio"]
[Black "Michalski, Olaf"]
[Result "0-1"]
[WhiteElo "2056"]
[BlackElo "2273"]
[PlyCount "102"]
[EventDate "2023.04.04"]
[EventType "swiss (blitz)"]
[EventRounds "11"]
[EventCountry "USA"]
[SourceTitle "EXT 2024"]
[Source "ChessBase"]
[SourceDate "2023.10.10"]
[SourceVersion "1"]
[SourceVersionDate "2023.10.10"]
[SourceQuality "1"]

1. e4 c5 2. Nf3 a6 3. d4 cxd4 4. Nxd4 Nf6 5. Nc3 e5 6. Nf5 d5 7. Ng3 d4 8. Nb1 Be7 9. Bc4 Qc7 10. Bb3 h5 11. h3 g6 12. 0-0 h4 13. Nh1 Nh5 14. Bd5 Nd7 15. f3 Ndf6 16. Bb3 0-0 17. c3 Rd8 18. Qe1 Nh7 19. Nf2 d3 20. Be3 Ng3 21. Ng4 Nxf1 22. Qxf1 Bg5 23. Nh6+ Bxh6 24. Bxh6 g5 25. Qc1 Qb6+ 26. Kh2 Qxh6 27. Nd2 Qf6 28. Nc4 Be6 29. Qd2 Qf4+ 30. Qxf4 exf4 31. Rd1 Rac8 32. Nd2 Bxb3 33. Nxb3 Nf6 34. Nd4 Nd7 35. Nf5 Ne5 36. Ne7+ Kf8 37. Nxc8 Rxc8 38. Rd2 Rd8 39. b3 b5 40. Kg1 Rc8 41. Kf1 Rxc3 42. Ke1 Rc1+ 43. Kf2 Rc2 44. Ke1 Rc1+ 45. Kf2 Ke7 46. Rb2 Rc2+ 47. Rxc2 dxc2 48. Ke2 c1Q 49. Kf2 Qe3+ 50. Kf1 Nd3 51. b4 Qf2# 0-1

[Event "Titled Tuesday intern op 28th Mar Late"]
[Site "Chess.com INT"]
[Date "2023.03.28"]
[Round "3"]
[White "Delorme, Axel"]
[Black "Michalski, Olaf"]
[Result "1-0"]
[WhiteElo "2483"]
[BlackElo "2273"]
[PlyCount "45"]
[EventDate "2023.03.28"]
[EventType "swiss (blitz)"]
[EventRounds "11"]
[EventCountry "USA"]
[SourceTitle "EXT 2024"]
[Source "ChessBase"]
[SourceDate "2023.10.10"]
[SourceVersion "1"]
[SourceVersionDate "2023.10.10"]
[SourceQuality "1"]

1. e4 c5 2. Nf3 a6 3. c3 Nf6 4. e5 Nd5 5. d4 e6 6. h4 d6 7. h5 h6 8. Bd3 cxd4 9. cxd4 Nc6 10. Nc3 Nxc3 11. bxc3 dxe5 12. dxe5 Bc5 13. 0-0 b6 14. Qe2 Bb7 15. Rd1 Qc7 16. a4 Na5 17. Bc2 Rd8 18. Rxd8+ Qxd8 19. Be3 Qc7 20. Bd4 Bxf3 21. Qxf3 Bxd4 22. cxd4 Qc6 23. Be4 1-0

[Event "Titled Tuesday intern op 28th Mar Early"]
[Site "Chess.com INT"]
[Date "2023.03.28"]
[Round "8"]
[White "Gatterer, Florian"]
[Black "Michalski, Olaf"]
[Result "1/2-1/2"]
[WhiteElo "2170"]
[BlackElo "2273"]
[PlyCount "68"]
[EventDate "2023.03.28"]
[EventType "swiss (blitz)"]
[EventRounds "11"]
[EventCountry "USA"]
[SourceTitle "EXT 2024"]
[Source "ChessBase"]
[SourceDate "2023.10.10"]
[SourceVersion "1"]
[SourceVersionDate "2023.10.10"]
[SourceQuality "1"]

1. Nf3 d6 2. d4 Bg4 3. c4 Bxf3 4. exf3 Nd7 5. Nc3 e5 6. dxe5 dxe5 7. Be2 Ngf6 8. 0-0 Bc5 9. f4 e4 10. a3 a5 11. Be3 0-0 12. Qc2 Bxe3 13. fxe3 Qe7 14. Rfd1 c6 15. Rd2 Nc5 16. b3 Qc7 17. Kf2 h5 18. h3 h4 19. Rad1 Qb6 20. Na4 Nxa4 21. bxa4 Rfd8 22. Rxd8+ Rxd8 23. Rxd8+ Qxd8 24. Qc3 Qb6 25. c5 Nd5 26. Qc2 Qa7 27. Qxe4 Qxc5 28. Bd3 g6 29. Kf3 Qc1 30. Kf2 Qd2+ 31. Kf3 Qd1+ 32. Kf2 Qd2+ 33. Kf3 Qd1+ 34. Kf2 Qd2+ 1/2-1/2

[Event "Titled Tuesday intern op 21st Mar Early"]
[Site "Chess.com INT"]
[Date "2023.03.21"]
[Round "2"]
[White "Michalski, Olaf"]
[Black "Aarav, Dengla"]
[Result "0-1"]
[WhiteElo "2273"]
[BlackElo "2349"]
[PlyCount "40"]
[EventDate "2023.03.21"]
[EventType "swiss (blitz)"]
[EventRounds "11"]
[EventCountry "USA"]
[SourceTitle "EXT 2024"]
[Source "ChessBase"]
[SourceDate "2023.10.10"]
[SourceVersion "1"]
[SourceVersionDate "2023.10.10"]
[SourceQuality "1"]

1. d4 d5 2. c4 e6 3. Nc3 a6 4. e4 dxe4 5. Nxe4 Bb4+ 6. Nc3 c5 7. Nf3 Ne7 8. Be3 Nf5 9. a3 Ba5 10. d5 Nxe3 11. fxe3 exd5 12. cxd5 0-0 13. Bd3 Re8 14. e4 c4 15. Bc2 Qb6 16. Rb1 Qe3+ 17. Qe2 Bxc3+ 18. bxc3 Qxc3+ 19. Nd2 Nd7 20. 0-0 Ne5 0-1

[Event "Titled Tuesday intern op 21st Mar Late"]
[Site "Chess.com INT"]
[Date "2023.03.21"]
[Round "4"]
[White "Michalski, Olaf"]
[Black "Foerster Yialamas, Lucas"]
[Result "1/2-1/2"]
[WhiteElo "2273"]
[BlackElo "2205"]
[PlyCount "150"]
[EventDate "2023.03.21"]
[EventType "swiss (blitz)"]
[EventRounds "11"]
[EventCountry "USA"]
[SourceTitle "EXT 2024"]
[Source "ChessBase"]
[SourceDate "2023.10.10"]
[SourceVersion "1"]
[SourceVersionDate "2023.10.10"]
[SourceQuality "1"]

1. d4 c6 2. c4 e5 3. dxe5 Qa5+ 4. Nc3 Qxe5 5. Nf3 Qc7 6. g3 Nf6 7. Bf4 Qb6 8. Qd2 Bb4 9. Qe3+ Qxe3 10. Bxe3 d5 11. cxd5 Nxd5 12. Bd2 Nxc3 13. Bxc3 Bxc3+ 14. bxc3 0-0 15. Bg2 Na6 16. 0-0 Nc5 17. Nd4 Be6 18. a4 Bc4 19. Rfe1 a5 20. e4 b5 21. Nxc6 Nxa4 22. Re3 Rfe8 23. e5 Ra6 24. Nd4 b4 25. Bc6 Rxc6 26. Nxc6 Nxc3 27. Nxa5 Bd5 28. Rc1 Ra8 29. Rexc3 bxc3 30. Rxc3 g5 31. Rc5 Bf3 32. h4 g4 33. Kf1 Rd8 34. Rc1 Kg7 35. Ke1 Kg6 36. Nc6 Rd5 37. Ne7+ Kg7 38. Nxd5 Bxd5 39. Rc5 Be6 40. Kd2 Kg6 41. Ke3 Kf5 42. Kd4 Bb3 43. Rc8 Ke6 44. Rh8 Bc2 45. Rg8 Bg6 46. Rg7 Bf5 47. Rg5 f6 48. exf6 Kxf6 49. Rg8 Ke6 50. Rb8 Bc2 51. Rb6+ Kf7 52. Ke3 Bd1 53. Kf4 Be2 54. Kg5 Bd1 55. Rb7+ Kg8 56. Kf6 h6 57. Kg6 Bc2+ 58. Kxh6 Be4 59. Kg5 Bxb7 60. Kxg4 Bc8+ 61. Kg5 Kg7 62. f4 Bb7 63. f5 Bc8 64. g4 Kh7 65. Kf6 Ba6 66. Ke7 Bc4 67. g5 Bd5 68. h5 Bf3 69. h6 Bh5 70. f6 Kg8 71. h7+ Kxh7 72. f7 Kg6 73. f8Q Kxg5 74. Qg7+ Kh4 75. Qf7 Bxf7 1/2-1/2

[Event "Titled Tuesday intern op 21st Mar Late"]
[Site "Chess.com INT"]
[Date "2023.03.21"]
[Round "6"]
[White "Michalski, Olaf"]
[Black "Jimenez Jimenez, Leandro"]
[Result "1-0"]
[WhiteElo "2273"]
[BlackElo "2157"]
[PlyCount "73"]
[EventDate "2023.03.21"]
[EventType "swiss (blitz)"]
[EventRounds "11"]
[EventCountry "USA"]
[SourceTitle "EXT 2024"]
[Source "ChessBase"]
[SourceDate "2023.10.10"]
[SourceVersion "1"]
[SourceVersionDate "2023.10.10"]
[SourceQuality "1"]

1. d4 d5 2. c4 dxc4 3. e4 e5 4. d5 Nf6 5. Nc3 b5 6. a3 Bc5 7. Qc2 c6 8. Bg5 h6 9. Bh4 Qb6 10. Bxf6 gxf6 11. Nf3 Bb7 12. 0-0-0 a5 13. dxc6 Bxc6 14. Nd5 Bxd5 15. Rxd5 Nc6 16. a4 Nb4 17. Qd1 Nxd5 18. exd5 c3 19. Bxb5+ Ke7 20. bxc3 Rhc8 21. c4 Bxf2 22. Rf1 Be3+ 23. Kc2 Rd8 24. Nh4 Rac8 25. Qg4 Bg5 26. Nf5+ Kf8 27. h4 Rxc4+ 28. Qxc4 Be3 29. Rf3 Bg5 30. hxg5 hxg5 31. Ne3 Kg7 32. Bc6 Rb8 33. Qb5 Qc7 34. Qc5 Rb4 35. Nc4 e4 36. Rf5 Qg3 37. Nd2 1-0

[Event "Titled Tuesday intern op 14th Mar Late"]
[Site "Chess.com INT"]
[Date "2023.03.14"]
[Round "1"]
[White "Michalski, Olaf"]
[Black "Ismagilov, Damir"]
[Result "0-1"]
[WhiteElo "2273"]
[BlackElo "2156"]
[PlyCount "58"]
[EventDate "2023.03.14"]
[EventType "swiss (blitz)"]
[EventRounds "11"]
[EventCountry "USA"]
[SourceTitle "EXT 2024"]
[Source "ChessBase"]
[SourceDate "2023.10.10"]
[SourceVersion "1"]
[SourceVersionDate "2023.10.10"]
[SourceQuality "1"]

1. d4 Nf6 2. c4 e6 3. Nf3 d5 4. Nc3 dxc4 5. e3 a6 6. a4 b6 7. Bxc4 Bb7 8. 0-0 Bb4 9. Qe2 0-0 10. e4 Bxc3 11. bxc3 Nxe4 12. Bb2 Nd7 13. a5 b5 14. Bd3 Nd6 15. Ba3 Rc8 16. Ne5 Nf6 17. f3 Nd5 18. Qd2 Re8 19. Rfe1 Qh4 20. g3 Qh5 21. Rf1 Nf6 22. Rae1 Rcd8 23. Bc5 Nd5 24. Qc2 Qh6 25. f4 Nf6 26. f5 Nxf5 27. Bxf5 exf5 28. Qxf5 Qd2 29. Ng4 Qg2# 0-1

[Event "Titled Tuesday intern op 7th Mar Early"]
[Site "Chess.com INT"]
[Date "2023.03.07"]
[Round "7"]
[White "Fernandez Siles, Luis"]
[Black "Michalski, Olaf"]
[Result "1-0"]
[WhiteElo "2210"]
[BlackElo "2273"]
[PlyCount "91"]
[EventDate "2023.03.07"]
[EventType "swiss (blitz)"]
[EventRounds "11"]
[EventCountry "USA"]
[SourceTitle "EXT 2024"]
[Source "ChessBase"]
[SourceDate "2023.10.10"]
[SourceVersion "1"]
[SourceVersionDate "2023.10.10"]
[SourceQuality "1"]

1. d4 d6 2. e4 Nc6 3. d5 Nb8 4. f4 c6 5. dxc6 Nxc6 6. Nf3 Nf6 7. Bd3 Qb6 8. Nc3 Bg4 9. h3 Bxf3 10. Qxf3 e6 11. Bd2 0-0-0 12. 0-0-0 d5 13. exd5 Nxd5 14. Nxd5 Rxd5 15. Be4 Rd8 16. Bc3 Rxd1+ 17. Rxd1 f6 18. f5 e5 19. Bd5 Bc5 20. Be6+ Kb8 21. Rd7 Rd8 22. Qd5 Rxd7 23. Qxd7 Qd8 24. Kd2 Qxd7+ 25. Bxd7 Kc7 26. Bxc6 Kxc6 27. g4 Kd5 28. b3 Ke4 29. Ke2 h5 30. Bd2 hxg4 31. hxg4 Bg1 32. c4 Bh2 33. b4 Bf4 34. c5 Bxd2 35. Kxd2 Kd4 36. a3 Kc4 37. Ke3 a6 38. Ke4 Kb3 39. g5 Kxa3 40. g6 Kxb4 41. Kd5 a5 42. Ke6 e4 43. Kf7 e3 44. Kxg7 e2 45. Kf7 e1Q 46. g7 1-0

[Event "Titled Tuesday intern op 7th Mar Early"]
[Site "Chess.com INT"]
[Date "2023.03.07"]
[Round "9"]
[White "Michalski, Olaf"]
[Black "Filgueira, Hernan"]
[Result "0-1"]
[WhiteElo "2273"]
[BlackElo "2283"]
[PlyCount "36"]
[EventDate "2023.03.07"]
[EventType "swiss (blitz)"]
[EventRounds "11"]
[EventCountry "USA"]
[SourceTitle "EXT 2024"]
[Source "ChessBase"]
[SourceDate "2023.10.10"]
[SourceVersion "1"]
[SourceVersionDate "2023.10.10"]
[SourceQuality "1"]

1. d4 d6 2. Nf3 Bg4 3. Bf4 Nd7 4. Nbd2 g6 5. e3 e5 6. Bg3 Bg7 7. c3 Ne7 8. h3 Bh5 9. Qb3 0-0 10. Bh2 Bxf3 11. Nxf3 exd4 12. cxd4 c5 13. d5 Qa5+ 14. Nd2 Ne5 15. 0-0-0 b5 16. Qxb5 Qxa2 17. Qa6 Nd3+ 18. Bxd3 Qxb2# 0-1

[Event "Titled Tuesday intern op 7th Mar Early"]
[Site "Chess.com INT"]
[Date "2023.03.07"]
[Round "3"]
[White "Michalski, Olaf"]
[Black "Osmak, Iulija"]
[Result "0-1"]
[WhiteElo "2273"]
[BlackElo "2445"]
[PlyCount "34"]
[EventDate "2023.03.07"]
[EventType "swiss (blitz)"]
[EventRounds "11"]
[EventCountry "USA"]
[SourceTitle "EXT 2024"]
[Source "ChessBase"]
[SourceDate "2023.10.10"]
[SourceVersion "1"]
[SourceVersionDate "2023.10.10"]
[SourceQuality "1"]

1. d4 d5 2. c4 dxc4 3. Nf3 Nf6 4. e3 a6 5. a4 e6 6. Bxc4 c5 7. 0-0 Nc6 8. dxc5 Bxc5 9. Qxd8+ Kxd8 10. Nc3 Ke7 11. a5 Bb4 12. e4 Nxa5 13. e5 Nxc4 14. exf6+ gxf6 15. Ra4 a5 16. Ne4 Bd7 17. Ra1 Bc6 0-1

[Event "Titled Tuesday intern op 7th Mar Late"]
[Site "Chess.com INT"]
[Date "2023.03.07"]
[Round "5"]
[White "Smith, Garrett L"]
[Black "Michalski, Olaf"]
[Result "1-0"]
[WhiteElo "2047"]
[BlackElo "2273"]
[PlyCount "31"]
[EventDate "2023.03.07"]
[EventType "swiss (blitz)"]
[EventRounds "11"]
[EventCountry "USA"]
[SourceTitle "EXT 2024"]
[Source "ChessBase"]
[SourceDate "2023.10.10"]
[SourceVersion "1"]
[SourceVersionDate "2023.10.10"]
[SourceQuality "1"]

1. e4 c5 2. a3 e6 3. b4 cxb4 4. axb4 Bxb4 5. Bb2 Nf6 6. e5 Nd5 7. c4 Ne7 8. Qg4 Nf5 9. Nf3 0-0 10. Bd3 g6 11. Nc3 h5 12. Qf4 d6 13. Bxf5 exf5 14. Nd5 dxe5 15. Qh6 Nd7 16. Ng5 1-0